Geology and mineral resources of Kenai peninsula, Alaska, (Record no. 25561)

MARC details
000 -LEADER
fixed length control field 01012cam a22002531 4500
001 - CONTROL NUMBER
control field gs 15000667
003 - CONTROL NUMBER IDENTIFIER
control field DLC
005 - DATE AND TIME OF LATEST TRANSACTION
control field 20260227111318.0
008 - FIXED-LENGTH DATA ELEMENTS--GENERAL INFORMATION
fixed length control field 800124s1915 dcuabf 00010 eng c
010 ## - LIBRARY OF CONGRESS CONTROL NUMBER
LC control number gs 15000667 //r95
040 ## - CATALOGING SOURCE
Original cataloging agency U.S. Geol. survey. Library
Transcribing agency DLC
Modifying agency DLC
043 ## - GEOGRAPHIC AREA CODE
Geographic area code n-us-ak
050 00 - LIBRARY OF CONGRESS CALL NUMBER
Classification number QE75
Item number .B9 no. 587
051 ## - LIBRARY OF CONGRESS COPY, ISSUE, OFFPRINT STATEMENT
Classification number QE84.K4
Item number M3
Copy information Copy 2.
100 10 - MAIN ENTRY--PERSONAL NAME
Personal name Martin, G. C.
Fuller form of name (George Curtis),
Dates associated with a name 1875-1943.
245 00 - TITLE STATEMENT
Title Geology and mineral resources of Kenai peninsula, Alaska,
Statement of responsibility, etc. by G. C. Martin, B. L. Johnson and U. S. Grant.
260 0# - PUBLICATION, DISTRIBUTION, ETC.
Place of publication, distribution, etc. Washington,
Name of publisher, distributor, etc. Govt. print. off.,
Date of publication, distribution, etc. 1915.
300 ## - PHYSICAL DESCRIPTION
Extent 243 p.
Other physical details illus., plates (part fold.) fold. maps (3 in pocket) fold. tab., diagrs. (part fold.)
Dimensions 25 cm.
490 0# - SERIES STATEMENT
Series statement United States. Geological survey. Bulletin 587
650 #0 - SUBJECT ADDED ENTRY--TOPICAL TERM
Topical term or geographic name entry element Geology
Geographic subdivision Alaska
-- Kenai peninsula.
650 #0 - SUBJECT ADDED ENTRY--TOPICAL TERM
Topical term or geographic name entry element Mines and mineral resources
Geographic subdivision Alaska.
700 10 - ADDED ENTRY--PERSONAL NAME
Personal name Johnson, Bertrand Leroy,
Dates associated with a name 1882-
Relator term joint author.
700 10 - ADDED ENTRY--PERSONAL NAME
Personal name Grant, Ulysses Sherman,
Dates associated with a name 1867-1932,
Relator term joint author.

No items available.

Powered by Koha